Word for word / (Record no. 616217)

000 -LEADER
fixed length control field 00811cam a2200277 a 4500
001 - CONTROL NUMBER
control field 2404983
005 - DATE AND TIME OF LATEST TRANSACTION
control field 20260216155431.0
008 - FIXED-LENGTH DATA ELEMENTS--GENERAL INFORMATION
fixed length control field 860411s1986 nyu 000 0 eng
010 ## - LIBRARY OF CONGRESS CONTROL NUMBER
LC control number 86009471
020 ## - INTERNATIONAL STANDARD BOOK NUMBER
International Standard Book Number 0399132007
020 ## - INTERNATIONAL STANDARD BOOK NUMBER
International Standard Book Number 9780399132001
035 ## - SYSTEM CONTROL NUMBER
System control number 2404983
040 ## - CATALOGING SOURCE
Original cataloging agency DLC
Transcribing agency DLC
Modifying agency DLC
050 00 - LIBRARY OF CONGRESS CALL NUMBER
Classification number PN6162
Item number .R6334 1986
082 00 - DEWEY DECIMAL CLASSIFICATION NUMBER
Classification number 814.54
Edition number 19
Author Mark ROO
100 1# - MAIN ENTRY--PERSONAL NAME
Personal name Rooney, Andrew A.
9 (RLIN) 133255
245 10 - TITLE STATEMENT
Title Word for word /
Statement of responsibility, etc. Andrew A. Rooney.
260 ## - PUBLICATION, DISTRIBUTION, ETC.
Place of publication, distribution, etc. New York :
Name of publisher, distributor, etc. G. Putnam,
Date of publication, distribution, etc. c1986.
300 ## - PHYSICAL DESCRIPTION
Extent 287 p. ;
Dimensions 24 cm.
336 ## - CONTENT TYPE
Content type term text
Content type code txt
Source rdacontent
337 ## - MEDIA TYPE
Media type term unmediated
Media type code n
Source rdamedia
338 ## - CARRIER TYPE
Carrier type term volume
Carrier type code nc
Source rdacarrier
906 ## - LOCAL DATA ELEMENT F, LDF (RLIN)
a 7
b cbc
c orignew
d 1
e ocip
f 19
g y-gencatlg
942 ## - ADDED ENTRY ELEMENTS (KOHA)
Source of classification or shelving scheme
Koha item type Book
Holdings
Withdrawn status Lost status Source of classification or shelving scheme Damaged status Not for loan Permanent Location Current Location Date acquired Source of acquisition Total Checkouts Full call number Barcode Date last seen Price effective from Koha item type
          NUST Law School (NLS) NUST Law School (NLS) 02/16/2026 Donated by Mr. Salahuddin Khan Advocate Supreme Court of Pakistan   814.54 ROO NLSD-572 02/16/2026 02/16/2026 Book
© 2023 Central Library, National University of Sciences and Technology. All Rights Reserved.